[Event "ESP-ch U18"]
[Site "Linares"]
[Date "2010.07.26"]
[Round "2"]
[White "Herrera Delgado, Alejandro"]
[Black "Jimenez Capilla, Martin R"]
[Result "1-0"]
[WhiteElo "2316"]
[BlackElo "2038"]
[PlyCount "105"]
[EventDate "2010.07.26"]
[EventType "swiss"]
[EventRounds "9"]
[EventCountry "ESP"]
[SourceTitle "CBM 137 Extra"]
[Source "ChessBase"]
[SourceDate "2010.09.01"]
[SourceVersion "1"]
[SourceVersionDate "2010.09.01"]
[SourceQuality "1"]

1. e4 c5 2. Nf3 d6 3. d4 cxd4 4. Nxd4 Nf6 5. Nc3 g6 6. Be3 Bg7 7. f3 0-0 8. Qd2 Nc6 9. Bc4 Bd7 10. 0-0-0 Rc8 11. Bb3 Nxd4 12. Bxd4 b5 13. Nd5 Nxd5 14. Bxg7 Kxg7 15. exd5 a5 16. a3 Qb6 17. Rhe1 a4 18. Ba2 Bf5 19. c3 Rc7 20. g4 Bc8 21. Kb1 Bb7 22. Re3 Qc5 23. Rde1 Re8 24. Ka1 Ba8 25. f4 h6 26. h4 Bb7 27. f5 Bc8 28. fxg6 fxg6 29. Qg2 Bb7 30. h5 e5 31. Qe4 Rf7 32. Qxg6+ Kf8 33. Qxh6+ Ke7 34. g5 Bxd5 35. Rxe5+ dxe5 36. Rxe5+ Kd7 37. Rxd5+ Qxd5 38. Bxd5 Re1+ 39. Ka2 Rff1 40. Qc6+ Kd8 41. Qd6+ Ke8 42. Bc6+ Kf7 43. Qd7+ Kf8 44. Qd8+ Kg7 45. Qd4+ Kf8 46. Qh8+ Ke7 47. Qe8+ Kd6 48. Qxe1 Rxe1 49. Bxb5 Re4 50. h6 Ke7 51. g6 Kf6 52. g7 Kf7 53. Bc6 1-0

[Event "ESP-ch U18"]
[Site "Granada"]
[Date "2009.07.26"]
[Round "9"]
[White "Jimenez Capilla, Martin R"]
[Black "Gil Quilez, David"]
[Result "1/2-1/2"]
[WhiteElo "1984"]
[BlackElo "2163"]
[PlyCount "58"]
[EventDate "2009.07.20"]
[EventType "swiss"]
[EventRounds "9"]
[EventCountry "ESP"]
[SourceTitle "CBM 131 Extra"]
[Source "ChessBase"]
[SourceDate "2009.09.03"]
[SourceVersion "2"]
[SourceVersionDate "2009.09.16"]
[SourceQuality "1"]

1. e4 e5 2. Nf3 Nc6 3. Bb5 a6 4. Ba4 Nf6 5. 0-0 b5 6. Bb3 Be7 7. Re1 d6 8. c3 0-0 9. h3 Na5 10. Bc2 c5 11. d4 Qc7 12. Nbd2 cxd4 13. cxd4 Bd7 14. Nf1 Rac8 15. Bd3 Rfe8 16. b3 Nc6 17. Bb2 Bd8 18. Rc1 Qa7 19. d5 Nb4 20. Bb1 a5 21. Ba3 Bb6 22. Qd2 Bc5 23. Ne3 Qb7 24. Bb2 Na6 25. a3 Bb6 26. b4 axb4 27. Rxc8 Rxc8 28. axb4 Qa7 29. Bd3 Qb7 1/2-1/2

[Event "Malaga op 12th"]
[Site "Malaga"]
[Date "2009.07.16"]
[Round "7"]
[White "Jimenez Capilla, Martin R"]
[Black "Ortega Gonzalez, Jose Luis"]
[Result "1-0"]
[WhiteElo "1984"]
[BlackElo "1867"]
[PlyCount "59"]
[EventDate "2009.07.11"]
[EventType "swiss"]
[EventRounds "9"]
[EventCountry "ESP"]
[SourceTitle "CBM 131 Extra"]
[Source "ChessBase"]
[SourceDate "2009.09.03"]
[SourceVersion "2"]
[SourceVersionDate "2009.09.16"]
[SourceQuality "1"]

1. e4 e6 2. d4 d5 3. Nd2 dxe4 4. Nxe4 Nd7 5. Nf3 Ndf6 6. Ng3 Ne7 7. Bd3 Ng6 8. 0-0 c5 9. c3 Bd7 10. Ne5 cxd4 11. cxd4 Nxe5 12. dxe5 Nd5 13. Qg4 g6 14. Ne4 h5 15. Qg3 Be7 16. Rd1 h4 17. Qg4 h3 18. g3 Bc6 19. Bg5 Bxg5 20. Nxg5 Qe7 21. Nxf7 Kxf7 22. Bxg6+ Kf8 23. Rd3 Nc7 24. Rc1 Rd8 25. Rc4 Rxd3 26. Rf4+ Kg8 27. Bf7+ Kf8 28. Bh5+ Qf7 29. Rxf7+ Ke8 30. Rf3+ 1-0

[Event "ESP-ch U18"]
[Site "Padron"]
[Date "2008.07.29"]
[Round "4"]
[White "Jimenez Capilla, Martin R"]
[Black "Carnero Rodriguez, Sergio"]
[Result "1-0"]
[WhiteElo "1977"]
[BlackElo "1765"]
[PlyCount "71"]
[EventDate "2008.07.27"]
[EventType "swiss"]
[EventRounds "9"]
[EventCountry "ESP"]
[SourceTitle "CBM 125 Extra"]
[Source "ChessBase"]
[SourceDate "2008.09.01"]
[SourceVersion "1"]
[SourceVersionDate "2008.09.01"]
[SourceQuality "1"]

1. e4 g6 2. d4 Bg7 3. Be3 d6 4. c4 Nd7 5. Nc3 b6 6. Qd2 c5 7. d5 a6 8. f4 Ngf6 9. h3 h5 10. Nf3 Qc7 11. Bd3 Nf8 12. 0-0 e6 13. dxe6 Bxe6 14. Nh4 0-0-0 15. f5 Bd7 16. fxg6 Nxg6 17. Bg5 Rdf8 18. Rxf6 Bxf6 19. Bxf6 Nxh4 20. Nd5 Qb7 21. Bxh4 Be6 22. Ne7+ Kd7 23. Bf6 Rhg8 24. Nxg8 Rxg8 25. Kh2 Qc7 26. Qf4 Qc6 27. b3 b5 28. cxb5 axb5 29. a4 c4 30. axb5 Qxb5 31. Ra7+ Kc6 32. bxc4 Bxc4 33. Qc1 d5 34. exd5+ Kxd5 35. Bxc4+ Qxc4 36. Ra5+ 1-0

[Event "ESP-ch U18"]
[Site "Padron"]
[Date "2008.07.27"]
[Round "2"]
[White "Jimenez Capilla, Martin R"]
[Black "Cuetos Lolo, Nekane"]
[Result "0-1"]
[WhiteElo "1977"]
[BlackElo "1790"]
[PlyCount "42"]
[EventDate "2008.07.27"]
[EventType "swiss"]
[EventRounds "9"]
[EventCountry "ESP"]
[SourceTitle "CBM 125 Extra"]
[Source "ChessBase"]
[SourceDate "2008.09.01"]
[SourceVersion "1"]
[SourceVersionDate "2008.09.01"]
[SourceQuality "1"]

1. e4 e5 2. Nf3 Nc6 3. Bb5 Qe7 4. 0-0 Nd8 5. d4 c6 6. Bc4 d6 7. Bg5 Nf6 8. Nc3 g6 9. dxe5 dxe5 10. Nb5 cxb5 11. Bxb5+ Nc6 12. Bxf6 Qxf6 13. Qd5 Bg7 14. Nxe5 0-0 15. Nxc6 bxc6 16. Bxc6 Rb8 17. b3 Qc3 18. Ba4 Be6 19. Qd6 Qxc2 20. e5 Rfd8 21. Qe7 Bxe5 0-1

[Event "Roquetas de Mar op 19th"]
[Site "Roquetas de Mar"]
[Date "2008.01.02"]
[Round "1"]
[White "Jimenez Capilla, Martin R"]
[Black "Barsov, Alexei"]
[Result "0-1"]
[WhiteElo "1981"]
[BlackElo "2521"]
[PlyCount "46"]
[EventDate "2008.01.02"]
[EventType "swiss"]
[EventRounds "9"]
[EventCountry "ESP"]
[SourceTitle "CBM 122 Extra"]
[Source "ChessBase"]
[SourceDate "2008.03.04"]
[SourceVersion "1"]
[SourceVersionDate "2008.03.04"]
[SourceQuality "1"]

1. e4 e6 2. d4 d5 3. Nd2 c5 4. Ngf3 cxd4 5. Nxd4 Nf6 6. exd5 Qxd5 7. N4f3 Nbd7 8. Bc4 Qc6 9. 0-0 Bd6 10. Qe2 0-0 11. Nd4 Bxh2+ 12. Kh1 Qb6 13. Nxe6 Re8 14. Kxh2 Nc5 15. Nf3 Bxe6 16. Be3 Ng4+ 17. Kg1 Nxe3 18. fxe3 Bxc4 19. Qxc4 Rxe3 20. Ng5 Ne6 21. Nxe6 Rxe6+ 22. Rf2 Qxb2 23. Raf1 Qb6 0-1